| 000 | 00373nam a2200121Ia 4500 | ||
|---|---|---|---|
| 008 | 241015s9999 xx 000 0 und d | ||
| 041 | _aeng | ||
| 082 | _a005.7 DIN | ||
| 100 | _aDinov, Ivo D. and Velev, Milen Velchev | ||
| 245 | _aData Science: The Complexity, Inferential Uncertainty & Spacekime Analytics | ||
| 260 |
_bDe Gruyter _aBoston _c2022 |
||
| 300 | _a458;. P. 24 cm | ||
| 999 |
_c41576 _d41576 |
||